000 00448nab a22001457 4500
003 ES-SlBCS
005 20230728204349.0
008 230728s2021 sp ||||| |||| 00| 0 spa d
040 _aES-SlBCS
_bspa
041 _aspa
100 1 _aCarriedo Tejedo, Manuel
_967731
245 1 3 _aLa sede metropolitana de Oviedo (991-1075)
_cManuel Carriedo Tejedo
773 0 _gNúm. 49, 2021, págs. 199-256
_tStudium Ovetense
_wRev454
_x0211-0741
942 _2lcc
_cAR
999 _c891205
_d891205